O materskom práve

Bibliographic Details
Main Author: Bachofen, Johann Jakob, 1815-1887 (Author)
Other Authors: Husár, Daniel (Translator)
Format: Book
Language:Slovak
German
PhysicalDescription:67, [8] s. fotogr. 22 cm
Published: Trnava Urbánek 1942
Edition:[1. vyd.]
Series:Urbánkova vedecká knižnica
Subjects:

MARC

LEADER 00000cam a2200000 a 4500
001 vtls001155507
003 SK-MaSNL
005 20260301063226.0
008 250313s1942 xo o g 000 0 slo
015 |a SNBA1942 
035 |a SNK000098402 
035 |a urn:nbn:sk:snk-am3hvv1 
035 |a EB1174BB-0B4F-4CAD-A681-5AB8C5AA3C00 
035 |a urn:nbn:sk:snk-am00datx 
040 |a SNK  |b slo  |c SNK  |e AACR2 
041 1 |a slo  |h ger 
044 |a xo  |c SK 
072 7 |a 347  |x Súkromné právo  |2 konspekt 
080 |a 347.61/.64  |2 2001 
080 |a 94(3)  |2 2001 
080 |a 316.72/.75  |2 2001 
080 |a (048.8)  |2 2001 
080 |a 173.5  |2 2001 
100 1 |a Bachofen, Johann Jakob,  |d 1815-1887  |4 aut  |9 378626 
240 1 4 |a Das Mutterrecht  |l Slovensky 
245 1 0 |a O materskom práve  |c J. J. Bachofen ; preložil Daniel Husár 
250 |a [1. vyd.] 
260 |a Trnava  |b Urbánek  |c 1942  |e Trnava  |f Urbánek 
300 |a 67, [8] s.  |b fotogr.  |c 22 cm 
366 |e 2000 výt. 
490 1 |a Urbánkova vedecká knižnica  |v sv. 2 
500 |a Preložené z nemčiny 
650 0 7 |a rodinné právo  |x psychologické aspekty  |2 SNKPH  |9 378627 
650 0 7 |a matriarchát  |2 SNKPH  |9 174422 
650 0 7 |a kutlúra a spoločnosť  |2 SNKPH  |9 378628 
650 0 7 |a materstvo  |2 SNKPH  |9 18851 
650 0 7 |a starovek  |2 SNKPH  |9 4258 
655 7 |a štúdie  |2 SNKPH  |9 57033 
700 1 |a Husár, Daniel  |4 trl  |9 378629 
830 0 |a Urbánkova vedecká knižnica  |9 346468 
852 |a Slovenská národná knižnica 
958 |a OND 
958 |a OP 
999 |c 623334  |d 625264 
952 |a SNK  |b SNK  |y PREZ  |7 0  |p 17A0592365  |o snkSC 3003/2  |i snk3110/44  |0 0  |1 0  |4 0  |d 2009-04-01  |f 1  |l 0  |r 2025-06-17 00:00:00  |w 2026-02-23 
952 |a SNK  |b SNK  |y VYP  |7 0  |p 17A0536367  |o snkSC 3003/2 D2  |i snkVIII. 3276/55  |8 3  |0 0  |1 0  |4 0  |d 2007-01-25  |l 0  |r 2026-02-23 17:02:01  |w 2026-02-23 
952 |a SNK  |b SNK  |y VYP  |7 0  |p 17A0364303  |o snkSC 3003/2 D1  |i snkXI. 1146/55  |0 0  |1 0  |4 0  |d 2002-11-13  |l 0  |r 2005-01-01 00:00:00  |w 2026-02-23